01295nam a22003377a 4500003000500000005001700005008004100022010001000063011001000073035001000083040000900093090001000102100004300112245015100155260004100306300001100347502009100358590003700449590004100486590004100527590004100568590004200609650003100651650004700682650003200729901000700761942001000768949003500778999001700813952012700830CHAP20220329135511.0971013s1976 r 00010 d a37614 a38586 a42706 cCHAP aTesis00aPatiño Flores, Marco Antonio.986178 aConversión y modificación de un programa de computadora para el desarrollo de un proyecto ganadero, como ayuda en la evaluación de proyectos a(Monterrey, N.L.) :bEl autor,c1976 a106 h. aTesis (Ing. Agr. Administrador) -- ITESM. Div. de Ciencias Agropecuarias y Marítimas aALEPHb10c20130110lUCH01h1303 aBATCH-UPDb10c20130110lUCH01h1901 aBATCH-UPDb10c20130410lUCH01h1229 aBATCH-UPDb10c20130914lUCH01h1104 aCONVERSIONb10c20130109lUCH01h132114aCrédito ganadero.92910414aGanaderíaxModelos matemáticos.94482414aPolítica ganadera.990617 aBK cTESIS bBCcTESd-98194eTS1i42706si c37614d37614 00102local4051708TESISaBCbBCcPA_TESISd2012-12-17fTESISl0oTesisp-98194r2019-12-31 00:00:00w2019-12-31yTESIS